Loading...
Towards the new horizon : world order in the 21st century /
| Hovedforfatter: | |
|---|---|
| Format: | Printed Book |
| Udgivet: |
New Delhi :
Standard publishers,
2009.
|
| LEADER | 00493nam a22001217a 4500 | ||
|---|---|---|---|
| 020 | |a 978818747509 | ||
| 082 | |a 181.45 |b MAY.T | ||
| 100 | |a Mayall, James | ||
| 245 | |a Towards the new horizon : |b world order in the 21st century / |c by James Mayall and Krishnan Srinivasan | ||
| 260 | |a New Delhi : |b Standard publishers, |c 2009. | ||
| 942 | |c BK | ||
| 999 | |c 307785 |d 307785 | ||
| 952 | |0 0 |1 0 |4 0 |6 181_450000000000000_MAY_T |7 0 |8 NFIC |9 328980 |a POL |b POL |c GEN |d 2020-11-02 |l 0 |o 181.45 MAY.T |p POL19225 |r 2020-11-02 |w 2020-11-02 |y BK | ||